| 000 | 01144nam a22003617a 4500 | ||
|---|---|---|---|
| 001 | 0006696 | ||
| 003 | KOHA_MİRAKIL | ||
| 005 | 20260207001530.0 | ||
| 007 | ta | ||
| 008 | 090817b1989 tu |||gr||||#0|||1|tur | | ||
| 020 | _c0,01 | ||
| 040 |
_aTR-BiSEU _btur _cTR-BiSEU _erda |
||
| 041 | 0 | _atur | |
| 044 | _ctu | ||
| 050 |
_aPL248.D580 _bU85 1989 |
||
| 100 | 0 | _aÜsküplü İshak Çelebi. | |
| 245 | 1 |
_aDivan : _btenkidli basım/ _cÜsküplü İshak Çelebi ; Üskülüplü İshak Çelebi; editör Mehmet Çavuşoğlu, M. Ali Tanyeri. |
|
| 264 | 1 |
_aİstanbul : _bMimar Sinan Üniversitesi _c1989 |
|
| 300 |
_aXIII, 378 sayfa ; _c23 cm. |
||
| 336 |
_ametin _btxt _2rdacontent |
||
| 337 |
_aaracısız _bn _2rdamedia |
||
| 338 |
_acilt _bnc _2rdacarrier |
||
| 490 | 1 |
_aMimar Sinan Üniversitesi yayınları ; _vno. |
|
| 490 | 1 | _a15. | |
| 490 | 1 |
_aFen-Edebiyat Fakültesi yayınları ; _vno. |
|
| 490 | 1 | _a2. | |
| 830 | 1 |
_aMimar Sinan Üniversitesi yayınları ; _vno. _916532 |
|
| 830 | 1 |
_a15. _97097 |
|
| 830 | 1 |
_aFen-Edebiyat Fakültesi yayınları ; _vno. _916533 |
|
| 830 | 1 |
_a2. _95554 |
|
| 907 | _aDivan | ||
| 942 |
_2lcc _cBK |
||
| 999 |
_c6677 _d6677 |
||